Les films dont le titre est une identité (1) - Statistiques

Statistiques générales
  • Ce quiz a été pris 56 fois
  • Le résultat moyen est 14 sur 50
Statistiques - réponses
Année Indice Réponse % Correct
1949 C {Christophe} Colomb
88%
1972 P Blaise {Pascal}
76%
1988 C {Camille} Claudel
74%
1959 C Al {Capone}
68%
1913 R {Richard} Wagner
68%
1940 M {Marie} Stuart
66%
1945 F {François} Villon
64%
1975 B {Barry} Lyndon
58%
1962 P Marco {Polo}
48%
1953 R Thérèse {Raquin}
46%
1940 A {Abraham} Lincoln
44%
1973 L {Lucky} Luciano
44%
1953 L {Lucrèce} Borgia
44%
1977 A {Annie} Hall
40%
1942 L Manon {Lescaut}
40%
1948 K Anna {Karenine}
38%
1955 V Giuseppe {Verdi}
38%
1974 L Lacombe {Lucien}
38%
1985 R {Rosa} Luxemburg
38%
1978 V {Violette} Nozières
38%
1920 B Anne {Boleyn}
36%
1955 L {Lola} Montès
36%
1964 P Mary {Poppins}
34%
1953 L Martin {Luther}
32%
1936 B Tarass {Boulba}
32%
1931 H {Huckleberry} Finn
26%
1956 S Michel {Strogoff}
26%
1931 D {David} Golder
16%
1972 J {Jeremiah} Johnson
16%
1963 M {Mathias} Sandorf
14%
1955 D Quentin {Durward}
14%
1966 R Andreï {Roublev}
10%
1976 B {Bugsy} Malone
10%
1954 J Carmen {Jones}
10%
1985 N Florence {Nightingale}
10%
1962 B {Billy} Budd
6%
1972 K Joe {Kidd}
6%
1938 L Adrienne {Lecouvreur}
4%
1939 E {Edith} Cavell
4%
1918 D Marion {Delorme}
4%
1961 V Vanina {Vanini}
4%
1978 T Judith {Therpauve}
2%
1962 G Salvatoire {Giuliano}
2%
1938 T {Thérèse} Martin
2%
1927 A Antoinette {Sabrier}
0%
1975 T Katie {Tippel}
0%
1937 W Marie {Walewska}
0%
1946 R Marin {Roumagnac}
0%
1973 G Nathalie {Granger}
0%
1980 H Tom {Horn}
0%
Aucun quiz correspondant
Distribution des résultats
% des personnes avec chaque résultat
Percentile par nombre de réponses
Votre historique - résultats
Vous n’avez pas pris ce quiz